World of Warcraft - Raids - Statistics

General Stats
  • This quiz has been taken 192 times
    133 since last reset
  • The average score is 24 of 44
Answer Stats
Level Raid % Correct
80 Naxxramas
92%
60 Molten Core
90%
80 Icecrown Citadel
81%
60 Blackwing Lair
80%
80 Ulduar
78%
70 Black Temple
77%
60 Onyxia's Lair
71%
70 Tempest Keep
70%
70 Gruul's Lair
69%
70 Karazhan
64%
60 Ruins of Ahn'Qiraj
64%
85 Dragon Soul
62%
70 The Sunwell
61%
90 Siege of Orgrimmar
60%
85 Firelands
58%
80 The Obsidian Sanctum
58%
80 The Ruby Sanctum
58%
80 Trial of the Crusader
58%
90 Throne of Thunder
56%
100 Hellfire Citadel
54%
70 Magtheridon's Lair
52%
70 Serpentshrine Cavern
52%
110 The Emerald Nightmare
52%
110 The Nighthold
51%
80 Vault of Archavon
49%
110 Antorus, the Burning Throne
48%
70 The Battle for Mount Hyjal
48%
110 Tomb of Sargeras
47%
100 Blackrock Foundry
46%
80 Eye of Eternity
45%
60 Ahn'Qiraj Temple
43%
90 Heart of Fear
42%
100 Highmaul
41%
90 Mogu'shan Vaults
41%
120 Uldir
41%
85 Blackwing Descent
40%
85 Throne of the Four Winds
39%
85 Baradin Hold
36%
85 The Bastion of Twilight
35%
110 Trial of Valor
34%
120 Battle of Dazar'Alor
33%
90 Terrace of Endless Spring
32%
120 The Eternal Palace
32%
120 Crucible of Storms
20%
No matching quizzes found
Score Distribution
Percent of People with Each Score
Percentile by Number Answered
Your Score History
You have not taken this quiz since the last reset